000 00836nam a2200205Ia 4500
003 GCL
005 20240530104529.0
008 140319s9999 xx 000 0 ara d
040 _aGCL /
_cGCL
082 0 4 _a962.064
_bق/ح ح
100 1 _aحسن احمد البدرى
245 1 0 _aحرب التواطؤ الثلاثى :
_bالعدوان الصهيونى الانجلوفرنسى على مصر خريف 1956 /
_cبقلم حسن احمد البدرى ، فطين احمد فريد
250 _aط1
260 _aالقاهرة :
_bالمكتبة الاكاديمية ،
_c1997
300 _a790 ص:
_bخرائط لو ؛
_c24 سم
650 0 4 _aالاعتداء الثلاثى على مصر 1956
650 0 4 _aمصر - تاريخ - العصر الحديث (1805 - 1956 )
700 1 _aفطين احمد فريد
942 _2ddc
_cBK
999 _c48383
_d48383